Čs. štátne kúpele Dudince Rekreačné zariadenie Tehliar : kúpeľný areál : termálne kúpalisko : rekreačné zariadenie

Zobrazenie: Štyri čiastkové pohľady, každý v bielom orámovaní, všetky spolu v striebornom orámovaní. V druhom pohľade je vpravo dole bielym písmom názov. Dole je medzi pohľadmi zvislo modrý rámik, na ktorom je farebný ornament kúpeľov. Pohľad na liečebný dom Tehliar, vľavo v popredí sú kríky a strom...

Full description

Bibliographic Details
Other Authors: Teöke, Walter (fotograf) (Photographer), Vrbovský, František (fotograf) (Photographer), Šťastný, Jozef, 1936- (Photographer)
Format: Photo
Language:Slovak
PhysicalDescription:1 pohľadnica (4 čiastkové pohľady) farebná 11 x 15 cm
Published: Bratislava Pravda 1990
Subjects:

MARC

LEADER 00000ckm a2200000 a 4500
001 vtls001209428
003 SK-MaSNL
005 20260331203413.0
007 kf co
008 180703s1990 xo g 0kuslo
015 |a SNBG1990 
035 |a SNK000152498 
040 |a SNK  |b slo  |c SNK  |e AACR2 
041 0 |a slo 
043 |a e-xo--- 
044 |a xo  |c SK 
072 7 |a 913  |x Regionálna geografia  |2 konspekt 
080 |a 913(437.6)  |2 2011 
080 |a 730  |2 2011 
080 |a 725.1:615.838  |2 2011 
080 |a 725.1:613.47-026.912  |2 2011 
080 |a 712.253  |2 2011 
080 |a 711.455:615.838  |2 2011 
080 |a (084.121)  |2 2011 
100 1 |a Teöke, Walter  |c (fotograf)  |4 pht  |9 283312 
245 1 0 |a Čs. štátne kúpele Dudince  |h grafika  |b Rekreačné zariadenie Tehliar : kúpeľný areál : termálne kúpalisko : rekreačné zariadenie  |c foto Walter Teöke, František Vrbovský, Jozef Šťastný 
246 1 |i Názov na obrazovej časti:  |a Dudince 
260 |a Bratislava  |b Pravda  |c 1990  |e [Bratislava]  |f TZP-B 
300 |a 1 pohľadnica (4 čiastkové pohľady)  |b farebná  |c 11 x 15 cm 
520 8 |a Zobrazenie: Štyri čiastkové pohľady, každý v bielom orámovaní, všetky spolu v striebornom orámovaní. V druhom pohľade je vpravo dole bielym písmom názov. Dole je medzi pohľadmi zvislo modrý rámik, na ktorom je farebný ornament kúpeľov. Pohľad na liečebný dom Tehliar, vľavo v popredí sú kríky a stromy na trávnatej ploche. Pohľad na sochu ženy v parku v popredí. Vpravo v pozadí je liečebný dom Rubín. Za sochou je betónová plocha, vpravo sú na nej lavičky a na nich niekoľko ľudí. Hore zasahuje do záberu niekoľko konárov vŕby. Pohľad na veľký bazén plný ľudí na kúpalisku. V pozadí je rad hustých vysokých listnatých stromov. Pohľad na liečebný dom Červená hviezda, vpravo v popredí je vidno kmeň a časť koruny brezy 
610 2 7 |a Československé štátne kúpele (Dudince, Slovensko)  |2 SNKKA  |9 296673 
650 0 7 |a kúpele  |2 SNKPH  |9 1139 
650 0 7 |a kúpeľné budovy  |2 SNKPH  |9 102104 
650 0 7 |a kúpaliská  |2 SNKPH  |9 4394 
650 0 7 |a bazény  |2 SNKPH  |9 30214 
650 0 7 |a sochy  |2 SNKPH  |9 29846 
650 0 7 |a parky  |2 SNKPH  |9 2942 
651 7 |a Dudince (Slovensko)  |2 SNKPHgeo  |9 28951 
655 7 |a miestne pohľadnice  |2 SNKPH  |9 70510 
700 1 |a Vrbovský, František  |c (fotograf)  |4 pht  |9 283300 
700 1 |a Šťastný, Jozef,  |d 1936-  |4 pht  |9 7817 
958 |a GBN 
958 |a GC 
958 |a OND 
999 |c 1044321  |d 1046251 
952 |a SNK  |b SNK  |y PREZ  |7 0  |p 17A1283390  |o snkSP 145249  |i snk871/91  |0 0  |1 0  |4 0  |d 2021-06-10  |f 1  |l 0  |r 2026-02-24 14:35:07  |w 2026-02-24 
952 |a SNK  |b SNK  |y PREZ  |7 0  |p 17A1283389  |o snkSP 145249 D1  |i snk872/91  |0 0  |1 0  |4 0  |d 2021-06-10  |l 0  |r 2026-02-24 14:35:07  |w 2026-02-24